000 00629nam a2200229Ia 4500
003 OSt
005 20220918201924.0
006 a|||||r|||| 00| 0
007 ta
008 220917b |||||||| |||| 00| 0 eng d
024 _a97,499
037 _cTextual
040 _aARTS
_cARTS
_beng
041 _2eng
_aeng
082 _aV2:25:9Z, J3-;1,J3;2-;3 (W)
100 _aVenkoba Rao K
_9101331
245 0 _aFundamental rights
_b Part III of the constitution of India
260 _c1953
650 _aHISTORY
942 _hV2:25:9Z, J3-;1,J3;2-;3 (W)
_cTEXL
_2CC
999 _c221094
_d221094